New York rangers forwards - Statistics

General Stats
  • This quiz has been taken 7 times
    4 since last reset
  • The average score is 9 of 15
Answer Stats
Hint Answer % Correct
84 Edstrom
100%
94 Perreault
100%
65 Berard
67%
22 Brodzinski
67%
39 Carrick
67%
50 Cuylle
67%
34 Kaliyev
67%
20 Kreider
67%
8 Miller
67%
78 Othmann
67%
10 Panarin
67%
16 Trocheck
67%
93 Zibanejad
67%
13 Lafrenaire
0%
71 Parssinen
0%
No matching quizzes found
Score Distribution
Percent of People with Each Score
Percentile by Number Answered
Your Score History
You have not taken this quiz since the last reset